Arancha Goyeneche (Record no. 14194)

MARC details
000 - LÍDER
campo de control de longitud fija 00907nam a2200205Ia 4500
008 - ELEMENTOS DE DATOS DE LONGITUD FIJA - INFORMACIÓN GENERAL
campo de control de longitud fija 0000002002 sp ad 0000000000spa00
090 ## - NÚMERO DE LLAMADA DE TIPO LC LOCALMENTE ASIGNADO (OCLC)
Número de clasificación (OCLC) (R) PSP00 Z15a
100 1# - ENTRADA PRINCIPAL - NOMBRE PERSONAL
Nombre de la persona Zamanillo, Fernando
245 10 - TÍTULO DECLARACIÓN
Título Arancha Goyeneche
Declaración de responsabilidad / textos de Fernando Zamanillo
260 ## - PUBLICACIÓN, DISTRIBUCIÓN
Lugar de publicación Madrid : Max Estrella Galería de Arte
Fecha de publicación 2002
300 ## - DESCRIPCIÓN FÍSICA
Alcance [32] p.
Dimensiones / 21 cm.
500 ## - NOTA GENERAL
Nota general Exposición realizada en Max Estrella Galería de Arte de Madrid en los meses de junio, julio y septiembre de 2002 \ Incluye datos biográficos y cronología artística \ Donación de Carlos Jiménez, 2012
600 00 - ENTRADA DE SUJETO AÑADIDO - NOMBRE PERSONAL
Nombre de la persona GOYENECHE, ARANCHA, 1967/
Subdivisión general TRABAJOS PICTORICOS \ GOYENECHE, ARANCHA, 1967/
-- TRABAJOS ARTISTICOS
650 14 - ENTRADA DE SUJETO AÑADIDO - TÉRMINO TÓPICO
Término tópico o elemento de entrada del nombre geográfico PINTURA ESPAÑOLA
650 14 - ENTRADA DE SUJETO AÑADIDO - TÉRMINO TÓPICO
Término tópico o elemento de entrada del nombre geográfico ARTE CONTEMPORANEO ESPAÑOL
650 14 - ENTRADA DE SUJETO AÑADIDO - TÉRMINO TÓPICO
Término tópico o elemento de entrada del nombre geográfico ARTISTAS PLASTICOS ESPAÑOLES
650 14 - ENTRADA DE SUJETO AÑADIDO - TÉRMINO TÓPICO
Subdivisión general CATALOGOS
650 14 - ENTRADA DE SUJETO AÑADIDO - TÉRMINO TÓPICO
Subdivisión general EXPOSICIONES
650 14 - ENTRADA DE SUJETO AÑADIDO - TÉRMINO TÓPICO
Término tópico o elemento de entrada del nombre geográfico FOTOGRAFIA Y PINTURA
Holdings
Estado de retirada Pérdida de estatus Estado dañado No para préstamo Código de recogida Ubicación permanente Ubicación actual Ubicación de las estanterías Fecha de adquisición Número de llamada completo Código de barras Fecha de la última vez que se vio Número de copia Precio efectivo desde Tipo de artículo Koha
        General ArtNexus ArtNexus General 06/09/2022 P-SP-00 Z15A 14375 06/09/2022 Ej.1 06/09/2022 Libro

Powered by Koha